• 首页
  • 本馆介绍
  • 公告通知
  • 最新文献
  • 馆藏检索
  • 电子资源
  • 读者导购
  • 参考咨询
  • 我的图书馆
  • 登录
  • 详细信息显示
  • 放入我的书架
  • 预约/预借图书
  • 作者相关作品
  • 分类相关作品
  • 丛书相关作品
  • 出版社相关作品

书目信息

  • 表格格式
  • 工作单格式
  • 卡片格式
题名:
探险传奇
    
 
作者: 刘相辉 编著
分册:  
出版信息: 太原   山西教育出版社  2016
页数: 250页
开本: 22cm
丛书名:
单 册:
中图分类: N81-49
科图分类:
主题词: 探险--世界--普及读物
电子资源:
ISBN: 978-7-5440-8566-3
000 00816nam0 2200229 450
001 3296
005 20180527144325.93
010    @a978-7-5440-8566-3@dCNY18.00
100    @a20161213d2016 em y0chiy50 ea
101 0  @achi
102    @aCN@b140000
105    @aa z 000yy
200 1  @a探险传奇@9tan xian chuan qi@dThe legend of exploration@f刘相辉编著@zeng
210    @a太原@c山西教育出版社@d2016
215    @a250页@c图@d22cm
330    @a本书讲述了史上最伟大的探险家的故事,将他们的生活呈现出来,将他们伟大功绩的来龙去脉展现出来,让我们通过他们的故事来触摸他们的每一次心跳,感受人类文明发展的艰辛和喜悦。
510 1  @aLegend of exploration@zeng
606 0  @a探险@y世界@j普及读物
690    @aN81-49@v5
701  0 @a刘相辉@9liu xiang hui@4编著
801  0 @aCN@b91MARC@c20161213
905    @aMuseLib@dN81-49@e18
    
    探险传奇=The legend of exploration/刘相辉编著.-太原:山西教育出版社,2016
    250页:图;22cm
    
    
    ISBN 978-7-5440-8566-3:CNY18.00
    本书讲述了史上最伟大的探险家的故事,将他们的生活呈现出来,将他们伟大功绩的来龙去脉展现出来,让我们通过他们的故事来触摸他们的每一次心跳,感受人类文明发展的艰辛和喜悦。
●
相关链接 在E读中查询图书 在五车中查询图书 在当当中查询图书 在豆瓣中查询图书


正题名:探险传奇     索取号:N81-49/18         预约/预借

序号 登录号 条形码 馆藏地/架位号 状态 备注
1 1108632   211086322   第二样本阅览室/ [索取号:N81-49/18] 在馆    
2 1108633   211086331   教育系资料室/ [索取号:N81-49/18] 在馆    
3 1108634   211086340   教育系资料室/ [索取号:N81-49/18] 在馆    
4 1108635   211086359   第三借阅区/ [索取号:N81-49/18] 在馆    
唐山师范学院图书馆 欢迎您!
大连网信软件有限公司© 版权所有